LIBRARY & INFORMATION CENTRE, KCAET, TAVANUR

ONLINE PUBLIC ACCESS CATALOGUE (OPAC)

Workshop practice vol-1 / (Record no. 10162)

MARC details
000 -LEADER
fixed length control field 00420cam a2200169ua 4500
003 - CONTROL NUMBER IDENTIFIER
control field OSt
008 - FIXED-LENGTH DATA ELEMENTS--GENERAL INFORMATION
fixed length control field 250328b |||||||| |||| 00| 0 eng d
041 ## - LANGUAGE CODE
Language code of text/sound track or separate title eng
082 ## - DEWEY DECIMAL CLASSIFICATION NUMBER
Classification number 621.901
Item number ATH/WO
100 ## - MAIN ENTRY--AUTHOR NAME
Personal name Atherton, William H .
245 ## - TITLE STATEMENT
Title Workshop practice vol-1 /
250 ## - EDITION STATEMENT
Edition statement 3 /
260 ## - PUBLICATION, DISTRIBUTION, ETC. (IMPRINT)
Place of publication :
Name of publisher The new era publishing co. ltd ,
Year of publication 1959.
300 ## - PHYSICAL DESCRIPTION
Number of Pages 346 ; .
500 ## - GENERAL NOTE
General note ** Reference
942 ## - ADDED ENTRY ELEMENTS (KOHA)
Koha item type Books
Holdings
Withdrawn status Lost status Damaged status Collection code Home library Current library Shelving location Date acquired Full call number Accession Number Koha item type
        KAUAET KAUAET General Stacks 07/04/2012 621.901 ATH/WO 20455 Books
free website counter